000
00331nam a22001457a 4500
020
_a
0-521-55928-6
082
_a
425
_b
MUR/E
100
_a
MURPHY,RAYMOND
245
_a
ESSENTIAL GRAMMAR IN USE
250
_a
SECOND EDITION
260
_a
USA
_b
CAMBRIDGE UNIVERSITY PRESS
300
_a
298
650
_a
GRAMMAR
_z
USA
942
_c
BK
999
_c
3759
_d
3759